000 00656nam a22001817a 4500
003 UA-OsUOA
001 14825
007 ta
008 20031020b un ||||| |||| 00| 0 ukr d
100 _aБурченя В.
942 _cSA
040 _aUA-OsUOA
_cUA-OsUOA
_dUA-OsUOA
245 _aБожа Матір повернулася
_b[У Рівному відбулося відкриття колони Божої Матері ( авт. скульптури - В. Стасюк, арх.- Л. Закревський)]
300 _aС.9
955 _a0
773 0 _w0
_tОго
_dРівне
_d2003
_g№144/28 серп./
650 7 _aЗакревський Л.
_2UDC
999 _c300989
_d300989